000 00931nam a2200301 i 4500
001 33644
003 BD-RjUL
005 20211209052034.0
008 140510s1980 enka b 001 0 eng
020 _a0389141149
035 _a(BD-RjUL)33735
040 _aDLC
_cDLC
_dDLC
_dBD-RjUL
_beng
041 _aeng
082 0 0 _a301.21
_219
_bMIL 1980
100 1 _aMilroy, Lesley.
_9102145
245 1 0 _aLanguage and social networks /
_cLesley Milroy.
260 _aBaltimore :
_bUniversity park press,
_cc1980.
300 _axii, 218 p. :
_bill. ;
_c23 cm.
490 1 _aLanguage in society ;
504 _aBibliography: p. [206]-214 & Includes index..
650 0 _aLanguage and social networks.
_9102146
_xlanguage in the society.
650 0 _aSocial networks.
_942059
830 0 _v2.
_9103194
830 0 _aLanguage in society (Oxford, England) ;
_9102148
942 _2ddc
_cBK
999 _c33644
_d33644